000 00450nam a2200181Ia 4500
008 221030s9999 xx 000 0 und d
020 _a9812531769
041 _aEnglish
082 _a105.23
_bSil
100 _aA. Silberschatz
245 0 _aOperating Systems Principles
_cby A. Silberschatz, P. B. Galvin
250 _a7th
260 _bJohn Wiley & Sons
_c2006
300 _a896
650 _aComputers
700 _aP. B. Galvin
942 _cBK
999 _c3134
_d3134